[Event "14th EUR-ch"]
[Site "Legnica POL"]
[Date "2013.05.14"]
[Round "9"]
[White "Zhigalko, Sergei"]
[Black "Guseinov, Gadir"]
[Result "1/2-1/2"]
[WhiteElo "2660"]
[BlackElo "2623"]
[EventDate "2013.05.05"]
[PlyCount "85"]

1.e4 c5 2.Nf3 Nc6 3.c3 d5 4.exd5 Qxd5 5.d4 Bf5 6.Be3 cxd4 7.Nxd4 Nxd4 8.
cxd4 Bxb1 9.Qa4+ Kd8 10.Rxb1 Nf6 11.f3 e6 12.Bc4 Qc6 13.Bb5 Qd6 14.Bd2 Nd5
15.Rc1 g6 16.O-O Bg7 17.Bc4 Re8 18.Kh1 Re7 19.Ba5+ b6 20.Be1 Rc8 21.Bg3 
Qc6 22.Qxc6 Rxc6 23.Ba6 Rxc1 24.Rxc1 Nc7 25.Rxc7 Rxc7 26.Bxc7+ Kxc7 27.f4 
Bxd4 28.b3 Kc6 29.g3 Kd5 30.Kg2 Ke4 31.Bc4 Be3 32.Kf1 Bxf4 33.gxf4 Kxf4 
34.Kg2 g5 35.Kh3 Kf3 36.b4 h6 37.Bb3 Kf4 38.a4 a5 39.bxa5 bxa5 40.Bc4 Kf5 
41.Kg3 h5 42.h4 Kg6 43.Bb3 1/2-1/2

[Event "14th EUR-ch"]
[Site "Legnica POL"]
[Date "2013.05.14"]
[Round "9"]
[White "Khairullin, Ildar"]
[Black "Lenic, Luka"]
[Result "1/2-1/2"]
[WhiteElo "2657"]
[BlackElo "2621"]
[EventDate "2013.05.05"]
[PlyCount "80"]

1.e4 c5 2.Nf3 Nc6 3.Bb5 g6 4.Bxc6 dxc6 5.d3 Bg7 6.h3 e5 7.Be3 b6 8.Nbd2 f6
9.a4 Nh6 10.a5 Be6 11.O-O O-O 12.axb6 axb6 13.Rxa8 Qxa8 14.b4 cxb4 15.Bxb6
Rb8 16.Be3 Nf7 17.Nb3 Nd6 18.Qd2 Qa2 19.Nc5 Bf7 20.Rc1 Qa5 21.Nb3 Qd8 22.
Bc5 Bf8 23.Qe3 Nb5 24.Nfd2 Bxc5 25.Qxc5 Qd6 26.Qxd6 Nxd6 27.c3 bxc3 28.
Rxc3 Rc8 29.Na5 c5 30.Nab3 c4 31.dxc4 Bxc4 32.Nxc4 Rxc4 33.Rxc4 Nxc4 34.f3
Kf7 35.Kf2 Nd6 36.Nc5 Nc4 37.Nb3 Nd6 38.Nc5 Nc4 39.Nb3 Nd6 40.Nc5 Nc4 
1/2-1/2

[Event "14th EUR-ch"]
[Site "Legnica POL"]
[Date "2013.05.14"]
[Round "9"]
[White "Siugirov, Sanan"]
[Black "Mastrovasilis, Dimitrios"]
[Result "1/2-1/2"]
[WhiteElo "2654"]
[BlackElo "2610"]
[EventDate "2013.05.05"]
[PlyCount "80"]

1.d4 d5 2.c4 c6 3.Nc3 Nf6 4.Nf3 dxc4 5.a4 Bf5 6.Ne5 Nbd7 7.Nxc4 Nb6 8.Ne5 
a5 9.e3 h6 10.Bd3 Bxd3 11.Nxd3 e6 12.O-O Be7 13.Qb3 O-O 14.Rd1 Nbd5 15.
Qxb7 Nb4 16.Nxb4 axb4 17.Ne2 Qd6 18.e4 e5 19.d5 c5 20.Ng3 Rfb8 21.Qc6 Qxc6
22.dxc6 Rc8 23.Nf5 Bf8 24.Ne3 Nxe4 25.Nc4 Rxc6 26.f3 Nd6 27.Nxe5 Rca6 28.
Nd7 Nf5 29.Nxf8 Kxf8 30.Rd5 Nd4 31.Be3 Nb3 32.Bxc5+ Kg8 33.Rad1 Rxa4 34.
Be7 R8a7 35.Rd7 Rxd7 36.Rxd7 Ra1+ 37.Kf2 Rb1 38.Bxb4 Rxb2+ 39.Kf1 Rb1+ 40.
Kf2 Rb2+ 1/2-1/2

[Event "14th EUR-ch"]
[Site "Legnica POL"]
[Date "2013.05.14"]
[Round "9"]
[White "Istratescu, Andrei"]
[Black "Khalifman, Alexander"]
[Result "1-0"]
[WhiteElo "2651"]
[BlackElo "2614"]
[EventDate "2013.05.05"]
[PlyCount "75"]

1.c4 c5 2.Nf3 Nf6 3.Nc3 Nc6 4.g3 d5 5.d4 cxd4 6.Nxd4 e5 7.Nxc6 bxc6 8.Bg2 
Rb8 9.Bg5 Rxb2 10.O-O Qa5 11.Qd3 Bb4 12.Nd1 e4 13.Qd4 Rxe2 14.Qe5+ Kf8 15.
Bxf6 gxf6 16.Qxf6 Rg8 17.Qh6+ Ke7 18.Qxh7 Rd8 19.Qh5 Rxa2 20.Qe5+ Kf8 21.
Rxa2 Qxa2 22.Ne3 Qa5 23.cxd5 cxd5 24.Rc1 d4 25.Qh8+ Ke7 26.Qh4+ Ke8 27.Nc4
Qc5 28.Bxe4 Be6 29.Bd3 a5 30.Rc2 Bc3 31.Re2 Kd7 32.Ne5+ Kc8 33.Qf4 Qd6 34.
Qf3 Qd5 35.Qf6 Rd6 36.Qe7 Rb6 37.Nxf7 Bh3 38.Qe8+ 1-0

[Event "14th EUR-ch"]
[Site "Legnica POL"]
[Date "2013.05.14"]
[Round "9"]
[White "Mamedov, Rauf"]
[Black "Mamedov, Nidjat"]
[Result "0-1"]
[WhiteElo "2649"]
[BlackElo "2602"]
[EventDate "2013.05.05"]
[PlyCount "164"]

1.e4 c5 2.Nf3 e6 3.c3 Nf6 4.e5 Nd5 5.d4 cxd4 6.cxd4 d6 7.Bc4 Nc6 8.O-O Be7
9.Qe2 O-O 10.Nc3 Nxc3 11.bxc3 dxe5 12.dxe5 Qa5 13.Bd2 Rd8 14.Rfe1 b6 15.a4
Bb7 16.Bb5 a6 17.Bd3 Rd7 18.Be4 Rad8 19.Be3 h6 20.Qc2 Bc5 21.Bf4 Ne7 22.
Bxb7 Rxb7 23.Reb1 Rbd7 24.Bd2 Ng6 25.Be1 Bf8 26.Qe4 Qc5 27.h4 Rc8 28.Rd1 
Rxd1 29.Rxd1 Ne7 30.Qb7 Qc6 31.Qxa6 Ra8 32.Qb5 Rxa4 33.Qxc6 Nxc6 34.Bd2 
Bc5 35.Kf1 h5 36.g3 Kh7 37.Bf4 Kg6 38.Ne1 Ne7 39.Nd3 Nd5 40.Bd2 Ra3 41.Rc1
Kf5 42.Ke2 Ra2 43.Ke1 Ke4 44.Ke2 Ba3 45.f3+ Kf5 46.c4 Bxc1 47.Nxc1 Nc3+ 
48.Kd3 Rxd2+ 49.Kxd2 Na4 50.Ke3 Kxe5 51.Nd3+ Kd6 52.g4 hxg4 53.fxg4 Nc5 
54.Nf2 Ke5 55.h5 Kf6 56.Nh3 Nb7 57.g5+ Kf5 58.h6 gxh6 59.gxh6 Kg6 60.Ng5 
Nd8 61.h7 Kg7 62.Kf4 f6 63.Ne4 Nf7 64.Ke3 f5 65.Nc3 Ne5 66.Kd4 Nd7 67.Nb5 
Kxh7 68.Nc7 e5+ 69.Kd5 f4 70.Ke6 f3 71.Nd5 f2 72.Ne3 Kg6 73.Kxd7 Kg5 74.
Ke6 Kf4 75.Nd5+ Kf3 76.Kxe5 f1=Q 77.Nxb6 Qg1 78.Nd7 Qg7+ 79.Ke6 Qg6+ 80.
Ke7 Ke4 81.c5 Kd5 82.Kd8 Qc6 0-1

[Event "14th EUR-ch"]
[Site "Legnica POL"]
[Date "2013.05.14"]
[Round "9"]
[White "Vachier-Lagrave, Maxime"]
[Black "Kravtsiv, Martyn"]
[Result "1/2-1/2"]
[WhiteElo "2718"]
[BlackElo "2595"]
[EventDate "2013.05.05"]
[PlyCount "92"]

1.c4 e6 2.Nc3 d5 3.d4 Bb4 4.Nf3 Nf6 5.Bg5 Nbd7 6.e3 c5 7.Be2 dxc4 8.Bxc4 
O-O 9.O-O cxd4 10.Qxd4 Nb6 11.Qh4 Bxc3 12.Rfd1 Qe7 13.Bd3 h6 14.Bxh6 gxh6 
15.Qxh6 Ne4 16.bxc3 f5 17.Bxe4 fxe4 18.Ng5 Qg7 19.Qxg7+ Kxg7 20.Nxe4 e5 
21.Nd6 Be6 22.Nxb7 Rac8 23.Rac1 Rc7 24.Nd6 Bxa2 25.Ra1 Bc4 26.e4 Kf6 27.g3
Be6 28.f4 exf4 29.gxf4 Rxc3 30.Rxa7 Rg8+ 31.Kf2 Bh3 32.e5+ Ke6 33.f5+ Bxf5
34.Nxf5 Kxf5 35.Rf7+ Kxe5 36.Re1+ Kd6 37.Rf6+ Kc5 38.Rf5+ Kd6 39.Rf6+ Kc5 
40.Rf5+ Nd5 41.Rd1 Rd8 42.h4 Rd6 43.h5 Kc6 44.Rd2 Rc5 45.Ra2 Rf6 46.Ra6+ 
Kb5 1/2-1/2

[Event "14th EUR-ch"]
[Site "Legnica POL"]
[Date "2013.05.14"]
[Round "9"]
[White "Hovhannisian, Robert"]
[Black "Eljanov, Pavel"]
[Result "0-1"]
[WhiteElo "2607"]
[BlackElo "2702"]
[EventDate "2013.05.05"]
[PlyCount "94"]

1.e4 e5 2.Nf3 Nc6 3.Bb5 a6 4.Ba4 Nf6 5.O-O Be7 6.d3 d6 7.c3 O-O 8.Re1 Bg4 
9.Nbd2 Nd7 10.h3 Bh5 11.Nf1 Nc5 12.Bc2 Ne6 13.Ng3 Bg6 14.Bb3 Na5 15.Bd5 c5
16.a3 Nc7 17.b4 cxb4 18.axb4 Nc6 19.Ba2 d5 20.Bd2 d4 21.cxd4 exd4 22.Qb1 
Qd6 23.h4 h6 24.Rc1 Rac8 25.h5 Bh7 26.Rc5 Qd7 27.Rc4 Nb5 28.Qb2 Kh8 29.
Rac1 f5 30.e5 f4 31.Ne2 Qg4 32.Bb1 Bg8 33.Nfxd4 Nbxd4 34.Nxd4 Nxe5 35.f3 
Nxc4 36.dxc4 Qxh5 37.Bc3 Bf6 38.c5 Rcd8 39.Be4 Bd5 40.Bb1 Rde8 41.b5 axb5 
42.Nxb5 Bxc3 43.Nxc3 Qe5 44.Qc2 Qe3+ 45.Kh2 Bg8 46.Rd1 Re5 47.Rd5 Rff5 0-1

[Event "14th EUR-ch"]
[Site "Legnica POL"]
[Date "2013.05.14"]
[Round "9"]
[White "Nyback, Tomi"]
[Black "Jobava, Baadur"]
[Result "1/2-1/2"]
[WhiteElo "2593"]
[BlackElo "2702"]
[EventDate "2013.05.05"]
[PlyCount "92"]

1.d4 Nf6 2.c4 g6 3.Nc3 Bg7 4.e4 O-O 5.Nf3 c6 6.Be2 d5 7.e5 Ne4 8.O-O Nxc3 
9.bxc3 dxc4 10.Bxc4 c5 11.h3 Nc6 12.Bg5 Na5 13.Bd3 Be6 14.Be4 cxd4 15.cxd4
f5 16.Bc2 Bd5 17.Qd2 Rc8 18.Rac1 b6 19.Ba4 Rc7 20.Qb4 Rb7 21.Bb5 h6 22.Bd2
e6 23.Qa3 g5 24.Bxa5 g4 25.hxg4 fxg4 26.Nd2 bxa5 27.Bc4 h5 28.Qe3 Rb4 29.
a3 Rxc4 30.Nxc4 Qa8 31.f3 gxf3 32.Nd6 Qd8 33.gxf3 Qh4 34.Rc2 Qf4 35.Qxf4 
Rxf4 36.Rc8+ Kh7 37.Rc7 Kh6 38.Ne4 Bf8 39.Rc3 a4 40.Kg2 h4 41.Rb1 Rxe4 42.
fxe4 Bxe4+ 43.Kh3 Bxb1 44.Kxh4 Be4 45.Rc4 Bxa3 46.Rxa4 Bb2 1/2-1/2

[Event "14th EUR-ch"]
[Site "Legnica POL"]
[Date "2013.05.14"]
[Round "9"]
[White "Almasi, Zoltan"]
[Black "Andriasian, Zaven"]
[Result "1/2-1/2"]
[WhiteElo "2695"]
[BlackElo "2608"]
[EventDate "2013.05.05"]
[PlyCount "86"]

1.c4 e5 2.Nc3 Nc6 3.g3 g6 4.Bg2 Bg7 5.e4 d6 6.Nge2 Nge7 7.d3 O-O 8.h4 h5 
9.Bg5 Be6 10.Nd5 f6 11.Be3 Qd7 12.O-O f5 13.Bg5 Rae8 14.Qb3 Bxd5 15.cxd5 
Nd8 16.Bh3 Kh7 17.exf5 gxf5 18.d4 Nf7 19.Bxe7 Rxe7 20.Qxb7 exd4 21.Nf4 Nd8
22.Qb3 Qe8 23.Qf3 Kh6 24.Rac1 Be5 25.Rc2 Qf7 26.Rfc1 a5 27.b3 Rg8 28.Kf1 
Rg4 29.Nd3 Nb7 30.Rc6 Rg6 31.Bxf5 Bxg3 32.fxg3 Rf6 33.Qf4+ Kg7 34.Qxd4 Kg8
35.Nf4 Rxf5 36.Ra6 Qe8 37.Kg1 Re1+ 38.Rxe1 Qxe1+ 39.Kg2 Rxf4 40.Qxf4 Qe2+ 
41.Kh3 Qxa6 42.Qg5+ Kf8 43.Qf5+ Kg7 1/2-1/2

[Event "14th EUR-ch"]
[Site "Legnica POL"]
[Date "2013.05.14"]
[Round "9"]
[White "Grachev, Boris"]
[Black "Babula, Vlastimil"]
[Result "1-0"]
[WhiteElo "2687"]
[BlackElo "2591"]
[EventDate "2013.05.05"]
[PlyCount "53"]

1.Nf3 Nf6 2.c4 c5 3.Nc3 d5 4.cxd5 Nxd5 5.g3 Nc6 6.Bg2 Nc7 7.d3 e5 8.Nd2 
Bd7 9.O-O Be7 10.Nc4 f6 11.f4 b5 12.Ne3 Rb8 13.a4 b4 14.Ncd5 O-O 15.Nc4 
Kh8 16.fxe5 fxe5 17.Be3 Ne6 18.Rxf8+ Bxf8 19.Qf1 Qe8 20.Qf2 Rd8 21.Rf1 Kg8
22.Be4 Ncd4 23.Nxe5 Bxa4 24.Bxd4 cxd4 25.Qf5 g6 26.Nf6+ Kh8 27.Qg4 1-0

[Event "14th EUR-ch"]
[Site "Legnica POL"]
[Date "2013.05.14"]
[Round "9"]
[White "Ragger, Markus"]
[Black "Ipatov, Alexander"]
[Result "1-0"]
[WhiteElo "2666"]
[BlackElo "2588"]
[EventDate "2013.05.05"]
[PlyCount "159"]

1.d4 Nf6 2.c4 g6 3.Nc3 Bg7 4.e4 d6 5.Nf3 O-O 6.Be2 e5 7.O-O exd4 8.Nxd4 
Re8 9.f3 c6 10.Bf4 Nh5 11.Be3 f5 12.Qd2 f4 13.Bf2 Nd7 14.Rad1 Ne5 15.Nb3 
Be6 16.c5 Bxb3 17.axb3 dxc5 18.Qxd8 Raxd8 19.Bxc5 b6 20.Bf2 Bf8 21.Na2 Bc5
22.Bc4+ Kf8 23.Bxc5+ bxc5 24.Nc3 Ng7 25.Ra1 Re7 26.Rfd1 Rd4 27.Ne2 Rxd1+ 
28.Rxd1 g5 29.h4 h6 30.Rd6 Nxc4 31.bxc4 Re6 32.Rd3 Re7 33.Nc1 Rb7 34.Nb3 
Rb4 35.Nxc5 Rxc4 36.Rd8+ Kf7 37.Rd7+ Kf6 38.Nd3 Ne6 39.Rh7 Kg6 40.Rxa7 Rc2
41.Rd7 gxh4 42.Rd6 Kf7 43.Rxc6 Rd2 44.Ne5+ Ke7 45.b4 h5 46.Ng6+ Kd7 47.Rc3
h3 48.gxh3 Rd1+ 49.Kf2 Rd2+ 50.Ke1 Rg2 51.Ne5+ Ke7 52.Kf1 Rh2 53.Rb3 Nd4 
54.Rc3 Ne2 55.Rc5 Kf6 56.Nd3 Nd4 57.Nf2 Nxf3 58.Rf5+ Kg6 59.Rxf4 Ng5 60.h4
Ne6 61.Kg1 Nxf4 62.Kxh2 Kf6 63.b5 Ke5 64.b6 Kd6 65.Kg3 Ne6 66.Nd3 Kc6 67.
Nf4 Ng7 68.Nd5 Ne6 69.Kf3 Kb7 70.Nf6 Kxb6 71.Nxh5 Kc5 72.Nf4 Nd4+ 73.Kg4 
Kd6 74.h5 Ke5 75.h6 Kf6 76.e5+ Kf7 77.Kh5 Nf5 78.Kg5 Nd4 79.e6+ Kf8 80.Kf6
1-0

[Event "14th EUR-ch"]
[Site "Legnica POL"]
[Date "2013.05.14"]
[Round "9"]
[White "Kempinski, Robert"]
[Black "Ivanisevic, Ivan"]
[Result "1/2-1/2"]
[WhiteElo "2580"]
[BlackElo "2655"]
[EventDate "2013.05.05"]
[PlyCount "122"]

1.d4 d5 2.c4 e6 3.Nf3 Nf6 4.e3 c5 5.a3 dxc4 6.Bxc4 a6 7.O-O b5 8.Bd3 Bb7 
9.dxc5 Bxc5 10.b4 Be7 11.Bb2 O-O 12.Qe2 Nbd7 13.Rd1 Nd5 14.Nc3 Bf6 15.Ne4 
Bxb2 16.Qxb2 Qe7 17.Ne5 Nxe5 18.Qxe5 Rfd8 19.Nc5 Bc6 20.Be4 a5 21.Bxd5 
Bxd5 22.e4 Bc4 23.h3 axb4 24.axb4 h6 25.Rxa8 Rxa8 26.Rd7 Qg5 27.Qxg5 hxg5 
28.Nb7 Ra1+ 29.Kh2 Ra2 30.Kg1 f6 31.Na5 Rb2 32.Nc6 Re2 33.f3 Rb2 34.Rb7 
Kh7 35.Re7 Kg6 36.Rb7 Kh6 37.Re7 Rb1+ 38.Kf2 Rb2+ 39.Kg1 Kg6 40.Rb7 f5 41.
exf5+ exf5 42.Rd7 Rb1+ 43.Kh2 Bf1 44.Rd6+ Kf7 45.Ne5+ Ke7 46.Rg6 Rxb4 47.
Nc6+ Kf7 48.Ne5+ Kg8 49.Rxg5 f4 50.Rg4 Rd4 51.Kg1 Bc4 52.Nxc4 bxc4 53.Rg5 
Rd1+ 54.Kh2 c3 55.Rc5 Rc1 56.h4 c2 57.Rc4 Kh7 58.Rc6 g6 59.Rc7+ Kg8 60.Rc4
Kg7 61.Rc6 Kf7 1/2-1/2

[Event "14th EUR-ch"]
[Site "Legnica POL"]
[Date "2013.05.14"]
[Round "9"]
[White "Kotronias, Vasilios"]
[Black "Zviagintsev, Vadim"]
[Result "0-1"]
[WhiteElo "2580"]
[BlackElo "2655"]
[EventDate "2013.05.05"]
[PlyCount "118"]

1.e4 e6 2.d4 d5 3.Nd2 c5 4.Ngf3 Nc6 5.exd5 exd5 6.Bb5 Qe7+ 7.Be2 Nf6 8.O-O
Qc7 9.Re1 cxd4 10.Nb3 Bb4 11.Bd2 Bxd2 12.Qxd2 O-O 13.Nfxd4 Bd7 14.Nxc6 
Bxc6 15.Bf3 Rfe8 16.Qd4 a6 17.c3 Re7 18.Rxe7 Qxe7 19.Qc5 Qe5 20.Na5 Re8 
21.h3 Re6 22.Qb4 Qc7 23.c4 Qf4 24.Nxb7 Bxb7 25.Qxb7 Qxc4 26.Qb8+ Re8 27.
Qb3 Qc5 28.Qc3 Qxc3 29.bxc3 Kf8 30.c4 dxc4 31.Bb7 a5 32.Rc1 Re2 33.a4 Re7 
34.Ba6 Rc7 35.Rxc4 Rxc4 36.Bxc4 Ne4 37.f4 Nc3 38.Bb3 Ne2+ 39.Kf2 Nxf4 40.
Ke3 Nxg2+ 41.Kd4 Ke7 42.Kc5 Ne3 43.Kd4 Ng2 44.Kc5 f5 45.Bc2 Ne3 46.Bd3 h5 
47.Kd4 f4 48.Ke4 g5 49.Be2 h4 50.Ke5 Kf7 51.Bh5+ Kg7 52.Be2 Kg6 53.Bd3+ 
Kh6 54.Be2 Nc2 55.Ke4 Kg6 56.Bg4 Kf6 57.Bd1 Ne3 58.Bf3 Nc4 59.Be2 Nd2+ 0-1

[Event "14th EUR-ch"]
[Site "Legnica POL"]
[Date "2013.05.14"]
[Round "9"]
[White "Grigoriants, Sergei"]
[Black "Safarli, Eltaj"]
[Result "0-1"]
[WhiteElo "2579"]
[BlackElo "2651"]
[EventDate "2013.05.05"]
[PlyCount "94"]

1.c4 Nf6 2.Nc3 d5 3.cxd5 Nxd5 4.g3 g6 5.Bg2 Be6 6.Nf3 Nxc3 7.bxc3 Bg7 8.
Rb1 Bd5 9.c4 Bxc4 10.Rxb7 O-O 11.Qa4 Bd5 12.Rxa7 Rxa7 13.Qxa7 Nc6 14.Qe3 
e5 15.d3 Nd4 16.O-O Qa8 17.Bb2 Bh6 18.Qxh6 Nxe2+ 19.Kh1 Bxf3 20.Qh3 Re8 
21.a3 Qd5 22.Re1 Qxd3 23.Bxf3 Qxf3+ 24.Qg2 Qb3 25.Ba1 c5 26.Qc6 Re6 27.
Qa8+ Kg7 28.f4 Nd4 29.fxe5 Nc2 30.Rc1 c4 31.Qe4 Nxa1 32.Rxa1 c3 33.Rf1 
Qxa3 34.Qf3 Re7 35.e6 f5 36.Qd5 Qb4 37.Rf4 Qb7 38.Qxb7 Rxb7 39.Rc4 Rb1+ 
40.Kg2 Rc1 41.Rc7+ Kf6 42.Rxh7 c2 43.e7 Rg1+ 44.Kxg1 c1=Q+ 45.Kf2 Qd2+ 46.
Kf1 Qd3+ 47.Kf2 Qd4+ 0-1

[Event "14th EUR-ch"]
[Site "Legnica POL"]
[Date "2013.05.14"]
[Round "9"]
[White "Ruck, Robert"]
[Black "Shimanov, Alexander"]
[Result "0-1"]
[WhiteElo "2570"]
[BlackElo "2639"]
[EventDate "2013.05.05"]
[PlyCount "106"]

1.Nf3 Nf6 2.c4 g6 3.d4 Bg7 4.g3 c5 5.Bg2 Qa5+ 6.Nc3 Ne4 7.Qd3 cxd4 8.Nxd4 
Nc5 9.Qd1 Nc6 10.e3 Ne6 11.O-O Qc5 12.Nxe6 dxe6 13.Qa4 Bxc3 14.bxc3 Bd7 
15.Qb5 Qd6 16.Qxb7 Rb8 17.Qa6 Qc7 18.e4 O-O 19.Be3 e5 20.Rfb1 Bc8 21.Qa3 
Be6 22.Qc5 Rbc8 23.h3 Rfd8 24.Bf1 Qd7 25.Qb5 Bxh3 26.Be2 Be6 27.Rd1 Qc7 
28.Rxd8+ Rxd8 29.Rd1 Rb8 30.Qc5 f6 31.Rd2 Kf7 32.Kg2 Rc8 33.Rb2 h5 34.Qa3 
Na5 35.Rb5 Nxc4 36.Qxa7 Qxa7 37.Bxa7 Nd6 38.Ra5 Nxe4 39.Ba6 Rxc3 40.a4 Bd7
41.Bb7 Bc6 42.Bxc6 Rxc6 43.Be3 Nd6 44.Ra8 Nc4 45.Bh6 Rc5 46.Rf8+ Ke6 47.
Rg8 g5 48.Rh8 Ra5 49.Rh7 Nd6 50.Bf8 Nf5 51.Rxh5 Kf7 52.Rh8 Ra8 53.a5 Rxa5 
0-1

[Event "14th EUR-ch"]
[Site "Legnica POL"]
[Date "2013.05.14"]
[Round "9"]
[White "Stevic, Hrvoje"]
[Black "Brunello, Sabino"]
[Result "0-1"]
[WhiteElo "2637"]
[BlackElo "2580"]
[EventDate "2013.05.05"]
[PlyCount "118"]

1.e4 c6 2.d4 d5 3.Nc3 dxe4 4.Nxe4 Bf5 5.Ng3 Bg6 6.h4 h6 7.Nf3 Nd7 8.h5 Bh7
9.Bd3 Bxd3 10.Qxd3 e6 11.Bd2 Ngf6 12.O-O-O Bd6 13.Ne4 Bc7 14.c4 Qe7 15.a3 
Nxe4 16.Qxe4 Nf6 17.Qe2 O-O-O 18.Bb4 Bd6 19.Ba5 Bc7 20.Bb4 Bd6 21.Bc3 Ng4 
22.Kb1 Rhe8 23.Ne5 Nxe5 24.dxe5 Bc7 25.Qg4 Rxd1+ 26.Rxd1 Rd8 27.Rxd8+ Qxd8
28.Kc2 Qg8 29.Kd3 Bb6 30.f3 Bc5 31.Kc2 Qh7+ 32.Kb3 b5 33.Qf4 Qd3 34.Qe4 
Qxe4 35.fxe4 Kb7 36.a4 Kb6 37.g4 a5 38.cxb5 cxb5 39.axb5 Kxb5 40.Kc2 Bb4 
41.b3 Bxc3 42.Kxc3 Kc5 43.Kd3 Kb4 44.Kc2 Ka3 45.Kc3 g5 46.Kc4 Kb2 47.b4 
axb4 48.Kxb4 Kc2 49.Kc5 Kd3 50.Kd6 Kxe4 51.Ke7 Kxe5 52.Kxf7 Kf4 53.Kg6 e5 
54.Kxh6 e4 55.Kg6 e3 56.h6 e2 57.h7 e1=Q 58.h8=Q Qe6+ 59.Kh7 Qe4+ 0-1

[Event "14th EUR-ch"]
[Site "Legnica POL"]
[Date "2013.05.14"]
[Round "9"]
[White "Shengelia, David"]
[Black "Nyzhnyk, Illya"]
[Result "1/2-1/2"]
[WhiteElo "2546"]
[BlackElo "2635"]
[EventDate "2013.05.05"]
[PlyCount "80"]

1.d4 d5 2.g3 Nf6 3.Bg2 g6 4.c4 c6 5.cxd5 cxd5 6.Nc3 Bg7 7.Nf3 O-O 8.Ne5 
Nc6 9.O-O Nd7 10.Nxc6 bxc6 11.b3 Re8 12.e4 c5 13.exd5 cxd4 14.Na4 Bb7 15.
Bb2 Nf6 16.Qxd4 Bxd5 17.Rfd1 Bxg2 18.Kxg2 Qa5 19.Rac1 Rac8 20.Qe5 Qa6 21.
Kg1 Nh5 22.Rxc8 Qxc8 23.Qe3 Bxb2 24.Nxb2 Qc2 25.Qd2 Qxd2 26.Rxd2 Nf6 27.
Nc4 Rc8 28.f3 Kf8 29.Kf2 Ke8 30.g4 Rc5 31.Ke3 h5 32.h3 Rb5 33.Rd6 Nd5+ 34.
Kd4 Nb4 35.Ke4 Nxa2 36.Ra6 Nc3+ 37.Kd3 Nd5 38.Rxa7 Kf8 39.Nd2 Rb4 40.Ra4 
Rb7 1/2-1/2

[Event "14th EUR-ch"]
[Site "Legnica POL"]
[Date "2013.05.14"]
[Round "9"]
[White "l`Ami, Erwin"]
[Black "Parligras, Mircea"]
[Result "1-0"]
[WhiteElo "2634"]
[BlackElo "2570"]
[EventDate "2013.05.05"]
[PlyCount "87"]

1.d4 Nf6 2.c4 e6 3.Nf3 b6 4.g3 Bb7 5.Bg2 Bb4+ 6.Bd2 Bxd2+ 7.Qxd2 Qe7 8.O-O
d6 9.Nc3 Ne4 10.Nxe4 Bxe4 11.Qf4 f5 12.c5 O-O 13.Rac1 bxc5 14.dxc5 Nc6 15.
Rfd1 Rad8 16.cxd6 cxd6 17.Qh4 Rf6 18.Ng5 Rh6 19.Qf4 Bxg2 20.Kxg2 Ne5 21.
Nf3 Nf7 22.Nd4 Qb7+ 23.Nc6 Re8 24.Qb4 Qd7 25.Nd4 Rf8 26.Qa5 Qb7+ 27.f3 Ne5
28.Rc7 Qxb2 29.Qxa7 Nf7 30.Rc2 Qb8 31.Qxb8 Rxb8 32.a4 Rf6 33.a5 d5 34.a6 
Ra8 35.Ra1 e5 36.Nb5 Nd8 37.Nc7 Ra7 38.Nb5 Ra8 39.a7 Ne6 40.Rac1 Rff8 41.
Rc6 Nd4 42.Nxd4 exd4 43.Rc7 h5 44.Rb1 1-0

[Event "14th EUR-ch"]
[Site "Legnica POL"]
[Date "2013.05.14"]
[Round "9"]
[White "Dubov, Daniil"]
[Black "Dvirnyy, Danyyil"]
[Result "1-0"]
[WhiteElo "2622"]
[BlackElo "2541"]
[EventDate "2013.05.05"]
[PlyCount "65"]

1.d4 Nf6 2.c4 c5 3.d5 b5 4.cxb5 a6 5.f3 g6 6.e4 d6 7.Nc3 Bg7 8.Bf4 O-O 9.
a4 Nbd7 10.Ra3 Nh5 11.Be3 f5 12.exf5 gxf5 13.Nh3 f4 14.Bf2 axb5 15.Bxb5 
Ne5 16.Ng5 c4 17.O-O Nd3 18.Bxc4 Nxf2 19.Rxf2 Qb6 20.Nb5 Rf5 21.Ne4 Bd7 
22.Rd3 Kh8 23.b3 Nf6 24.Nbc3 Rg8 25.Qe1 Rh5 26.Kh1 Nxe4 27.Nxe4 Be5 28.a5 
Qd8 29.Ra2 Bf5 30.a6 Bxe4 31.Qxe4 Qb6 32.Qe1 Rg6 33.Qf2 1-0

[Event "14th EUR-ch"]
[Site "Legnica POL"]
[Date "2013.05.14"]
[Round "9"]
[White "Bartel, Mateusz"]
[Black "Gordon, Stephen"]
[Result "1-0"]
[WhiteElo "2619"]
[BlackElo "2527"]
[EventDate "2013.05.05"]
[PlyCount "93"]

1.e4 c5 2.Nf3 d6 3.d4 cxd4 4.Nxd4 Nf6 5.Nc3 a6 6.Be3 e5 7.Nb3 Be7 8.h3 Be6
9.Qf3 b5 10.g4 b4 11.Nd5 Nxd5 12.exd5 Bc8 13.a3 bxa3 14.Rxa3 O-O 15.Na5 f5
16.gxf5 Bxf5 17.Rg1 Bxc2 18.Qg4 Rf7 19.Qb4 Bf8 20.Kd2 Bf5 21.Be2 Nd7 22.
Nc6 Qe8 23.Bg4 g6 24.Rga1 Nf6 25.Qc4 Qc8 26.Rxa6 Rxa6 27.Rxa6 Nxg4 28.hxg4
Bxg4 29.b4 h5 30.b5 h4 31.Ra4 Bh3 32.Qxh4 Bf1 33.Ra1 Bg2 34.Rg1 Bxd5 35.
Rxg6+ Rg7 36.Qf6 Bxc6 37.Bh6 Rxg6 38.Qxg6+ Kh8 39.bxc6 Qxc6 40.Bxf8 Qd5+ 
41.Ke3 Qd4+ 42.Ke2 Qc4+ 43.Qd3 Qa2+ 44.Kf1 Qa1+ 45.Kg2 Qa8+ 46.Qf3 Qd8 47.
Qf5 1-0

[Event "14th EUR-ch"]
[Site "Legnica POL"]
[Date "2013.05.14"]
[Round "9"]
[White "Gallagher, Joseph"]
[Black "Yakovenko, Dmitry"]
[Result "0-1"]
[WhiteElo "2507"]
[BlackElo "2731"]
[EventDate "2013.05.05"]
[PlyCount "62"]

1.e4 c5 2.Nf3 e6 3.d4 cxd4 4.Nxd4 a6 5.Bd3 Bc5 6.Nb3 Be7 7.O-O d6 8.Qg4 
Nf6 9.Qxg7 Rg8 10.Qh6 Nbd7 11.Qe3 b5 12.a4 b4 13.c4 bxc3 14.Nxc3 Bb7 15.f3
Ne5 16.Be2 Rc8 17.Kh1 Nfd7 18.Nd2 Qc7 19.f4 Ng4 20.Qh3 Ndf6 21.Qf3 d5 22.
Bd3 d4 23.Nd1 Qa5 24.h3 Qh5 25.Nb3 Rd8 26.Bd2 Ne3 27.Rf2 Qh4 28.Bxe3 dxe3 
29.Qxe3 Ng4 30.Qe2 Rxd3 31.Rf3 Rxf3 0-1

[Event "14th EUR-ch"]
[Site "Legnica POL"]
[Date "2013.05.14"]
[Round "9"]
[White "Tomashevsky, Evgeny"]
[Black "Grandelius, Nils"]
[Result "1-0"]
[WhiteElo "2719"]
[BlackElo "2556"]
[EventDate "2013.05.05"]
[PlyCount "67"]

1.d4 Nf6 2.c4 g6 3.Nc3 d5 4.Nf3 Bg7 5.Qb3 dxc4 6.Qxc4 O-O 7.e4 a6 8.Be2 b5
9.Qb3 c5 10.dxc5 Bb7 11.e5 Nfd7 12.Be3 e6 13.O-O Qc7 14.Rad1 Nxe5 15.Nxe5 
Bxe5 16.f4 Bg7 17.a4 bxa4 18.Nxa4 Nc6 19.Bf3 Rab8 20.Nb6 Rfd8 21.Qa4 Bxb2 
22.Rd6 Ne7 23.Nd7 Nf5 24.Nxb8 Nxe3 25.Rb1 Rxb8 26.Rxb2 Bxf3 27.Qd4 Nd5 28.
Rxb8+ Qxb8 29.gxf3 h5 30.Qe5 Qc8 31.c6 Ne7 32.Qf6 Qc7 33.Rd7 Qb6+ 34.Kg2 
1-0

[Event "14th EUR-ch"]
[Site "Legnica POL"]
[Date "2013.05.14"]
[Round "9"]
[White "Akopian, Vladimir"]
[Black "Jianu, Vlad-Cristian"]
[Result "1/2-1/2"]
[WhiteElo "2705"]
[BlackElo "2555"]
[EventDate "2013.05.05"]
[PlyCount "86"]

1.Nf3 Nf6 2.g3 d5 3.Bg2 e6 4.O-O Be7 5.c4 c5 6.cxd5 exd5 7.d4 Nc6 8.Nc3 
O-O 9.dxc5 Bxc5 10.Na4 Be7 11.Be3 Re8 12.Rc1 Bg4 13.h3 Bxf3 14.Bxf3 Qd7 
15.Kg2 Rad8 16.Qc2 Ne4 17.Bxe4 dxe4 18.Rfd1 Qe6 19.Rxd8 Rxd8 20.Qc4 Qxc4 
21.Rxc4 f5 22.Nc5 b5 23.Rc1 Nd4 24.Nb7 Rd7 25.Na5 Nxe2 26.Rc8+ Kf7 27.Rc2 
Nd4 28.Bxd4 Rxd4 29.Rc7 Rd2 30.Nc6 Ke6 31.Nxe7 e3 32.Kf1 Rxf2+ 33.Ke1 Rxb2
34.Rxa7 g5 35.Ng8 f4 36.Re7+ Kd5 37.gxf4 gxf4 38.Nf6+ Kd4 39.Rd7+ Kc4 40.
Rc7+ Kd3 41.Rd7+ Kc4 42.Rc7+ Kd3 43.Rd7+ Kc4 1/2-1/2

[Event "14th EUR-ch"]
[Site "Legnica POL"]
[Date "2013.05.14"]
[Round "9"]
[White "Goganov, Alexei"]
[Black "Sutovsky, Emil"]
[Result "0-1"]
[WhiteElo "2552"]
[BlackElo "2673"]
[EventDate "2013.05.05"]
[PlyCount "144"]

1.d4 Nf6 2.c4 g6 3.Nf3 Bg7 4.g3 d6 5.Bg2 O-O 6.O-O Nc6 7.Nc3 Bf5 8.d5 Na5 
9.Nd2 c6 10.b4 Nxc4 11.dxc6 Nxd2 12.cxb7 Rb8 13.Bxd2 d5 14.Rc1 Rxb7 15.Na4
e5 16.Nc5 Re7 17.b5 e4 18.Bb4 e3 19.f3 d4 20.Nb3 d3 21.Bxe7 Qxe7 22.Nd4 d2
23.Nxf5 gxf5 24.Rc4 f4 25.Bh3 Nd5 26.Qc2 Be5 27.Bf5 Rd8 28.Kg2 Rd6 29.Rc8+
Kg7 30.Bxh7 Nf6 31.Bf5 fxg3 32.hxg3 Bxg3 33.Rh1 Qe5 34.Qc5 Qxc5 35.Rxc5 
Be1 36.Bc2 Nd5 37.Rh7+ Kf8 38.f4 Nxf4+ 39.Kf3 Ne6 40.Rc8+ Ke7 41.Kxe3 d1=Q
42.Bxd1 Rxd1 43.Rb8 Ba5 44.Rb7+ Kd6 45.Kf2 Bb6+ 46.Kg2 Ng5 47.Rh6+ Kc5 48.
a4 Kb4 49.Rh4+ Ka5 50.Rf4 Rg1+ 51.Kh2 Re1 52.Re7 Rxe2+ 53.Rxe2 Bc7 54.Kg3 
Ne6 55.Kg4 Bxf4 56.Rc2 f5+ 57.Kh5 Nd4 58.Rc4 Be3 59.Rc7 Ne6 60.Rc6 Nc5 61.
Rc7 Nxa4 62.Rf7 f4 63.Kg4 Nc3 64.Rxa7+ Bxa7 65.Kxf4 Bb6 66.Ke5 Kb4 67.Ke6 
Kc4 68.Ke5 Kc5 69.Ke6 Nxb5 70.Ke5 Nd6 71.Ke6 Ba5 72.Ke5 Bd2 0-1

[Event "14th EUR-ch"]
[Site "Legnica POL"]
[Date "2013.05.14"]
[Round "9"]
[White "Halkias, Stelios"]
[Black "Georgiev, Kiril"]
[Result "1-0"]
[WhiteElo "2549"]
[BlackElo "2657"]
[EventDate "2013.05.05"]
[PlyCount "101"]

1.c4 Nf6 2.Nc3 e6 3.e4 e5 4.Nf3 Nc6 5.Be2 d6 6.d4 Bg4 7.d5 Bxf3 8.Bxf3 Nd4
9.Be3 Nxf3+ 10.Qxf3 Be7 11.O-O O-O 12.b4 Nd7 13.Rfc1 a6 14.Qh3 g6 15.Bh6 
Re8 16.Nd1 Nf6 17.Qf3 Nh5 18.Ne3 a5 19.a3 b6 20.g3 Bg5 21.Bxg5 Qxg5 22.c5 
axb4 23.cxd6 cxd6 24.axb4 Qe7 25.Ng4 Kh8 26.Rxa8 Rxa8 27.Rc6 b5 28.h4 Rf8 
29.Nh6 f5 30.exf5 Qg7 31.Qe3 gxf5 32.Qg5 Qg6 33.Rc7 Nf6 34.Nf7+ Kg8 35.
Nh6+ Kh8 36.Nf7+ Kg8 37.Nxd6 f4 38.Rc5 fxg3 39.fxg3 Rd8 40.Nf5 Qxg5 41.
hxg5 Ne4 42.Rc7 Kh8 43.Kg2 Nxg5 44.d6 Ne6 45.Re7 Nf8 46.Nh6 Rc8 47.d7 Nxd7
48.Rxd7 Rc4 49.g4 Rxb4 50.g5 Rd4 51.Re7 1-0